"Naozaj? Ako vieš?" ako pokrivené vnímanie zvyšuje stres a chybovosť

Manažérske rozhodovanie, racionálny a emocionálny prístup riešenia situácií. Zdravá a nezdravá miera stresu. Zovšeobecňované vnímanie problému a formy pokriveného myslenia.

Na minha lista:
Detalhes bibliográficos
Autor principal: Reháková, Helena
Formato: Capítulo de Livro
Idioma:eslovaco
Assuntos:
Tags: Adicionar Tag
Sem tags, seja o primeiro a adicionar uma tag!

MARC

LEADER 00000naa a2200000 4500
001 0196658
005 20231116122154.5
041 0 |a slo 
044 |a SK 
245 1 0 |a "Naozaj? Ako vieš?"  |b ako pokrivené vnímanie zvyšuje stres a chybovosť  |c Helena Reháková 
520 |a Manažérske rozhodovanie, racionálny a emocionálny prístup riešenia situácií. Zdravá a nezdravá miera stresu. Zovšeobecňované vnímanie problému a formy pokriveného myslenia. 
610 2 0 |a psychológia práce 
610 2 0 |a sebakontrola 
610 2 0 |a rozhodovanie manažérske 
610 2 0 |a inteligencia emocionálna 
610 2 0 |a náročnosť profesionálna 
610 2 0 |a stresy 
100 1 |a Reháková, Helena